Statistics for Can you name the nationalities that have played in the Premier League ?

Click here to take the quiz!

General Stats

  • This quiz has been taken 131 times
  • The average score is 66 of 106

Answer Stats

Answer% Correct
France
90%
Spain
89%
Germany
88%
Japan
88%
Australia
87%
Norway
87%
Sweden
86%
Algeria
85%
Argentina
85%
Brazil
85%
China
85%
Mexico
85%
Russia
85%
USA
85%
Belgium
84%
Canada
84%
Chile
84%
Portugal
83%
Uruguay
83%
Austria
82%
Italy
82%
Denmark
81%
Republic of Ireland
81%
Finland
80%
Greece
80%
Iceland
80%
Bulgaria
79%
New Zealand
79%
Poland
79%
Serbia
79%
Switzerland
78%
Croatia
77%
Netherlands
77%
Ukraine
77%
Nigeria
76%
Egypt
75%
Hungary
75%
Morocco
75%
Paraguay
75%
Peru
75%
South Africa
75%
Turkey
75%
Bolivia
74%
Lithuania
73%
Romania
73%
Slovakia
73%
Slovenia
73%
Czech Republic
72%
Albania
71%
Bosnia and Herzegovina
71%
Colombia
71%
Ghana
71%
Latvia
70%
Costa Rica
69%
Senegal
69%
Ivory Coast
68%
Venezuela
68%
Cameroon
67%
Ecuador
67%
Iran
67%
Armenia
66%
Jamaica
66%
Estonia
65%
Tunisia
65%
Honduras
64%
Togo
62%
Belarus
60%
Israel
60%
Trinidad and Tobago
60%
Kosovo
59%
Congo
58%
Angola
57%
Zimbabwe
57%
Macedonia
56%
Korea Republic
55%
Montenegro
54%
Kenya
53%
Mali
53%
Cyprus
51%
Georgia
50%
Liberia
50%
Zambia
49%
Gabon
48%
Guinea
46%
Barbados
43%
Benin
42%
Pakistan
39%
Guyana
38%
Gambia
37%
Antigua and Barbuda
36%
Burkina Faso
34%
Oman
34%
Sierra Leone
30%
Burundi
29%
Cape Verde
25%
Grenada
24%
Equatorial Guinea
23%
Faroe Islands
21%
Gibraltar
16%
Bermuda
14%
Seychelles
14%
DR Congo
10%
Curaçao
6%
Montserrat
5%
Saint Kitts and Nevis
5%
Guinea Bissau
0%

Score Distribution

Percentile by Number Answered

Percent of People with Each Score

Your Score History

You have not taken this quiz